Luật học

में बचाया:
ग्रंथसूची विवरण
स्वरूप: पुस्तक
भाषा:Undetermined
प्रकाशित: Hà Nội Trường Đại học Luật Hà Nội
विषय:
टैग : टैग जोड़ें
कोई टैग नहीं, इस रिकॉर्ड को टैग करने वाले पहले व्यक्ति बनें!
Thư viện lưu trữ: Trung tâm Học liệu Trường Đại học Cần Thơ
LEADER 00468nam a2200157Ia 4500
001 CTU_229285
008 210402s9999 xx 000 0 und d
082 |a 340 
082 |b L504 
245 0 |a Luật học 
245 0 |c Trường Đại học Luật Hà Nội 
260 |a Hà Nội 
260 |b Trường Đại học Luật Hà Nội 
650 |a Laws,Luật 
904 |i T.Trang 
980 |a Trung tâm Học liệu Trường Đại học Cần Thơ